Reconceptualising `immigrants': the idea of transnational citizens and its implications for social work (Record no. 85752)

000 -LEADER
fixed length control field 00471pab a2200169 454500
008 - FIXED-LENGTH DATA ELEMENTS--GENERAL INFORMATION
fixed length control field 180718b2007 xxu||||| |||| 00| 0 eng d
100 ## - MAIN ENTRY--PERSONAL NAME
Personal name Sahoo, Ajaya Kumar
245 ## - TITLE STATEMENT
Title Reconceptualising `immigrants': the idea of transnational citizens and its implications for social work
260 ## - PUBLICATION, DISTRIBUTION, ETC.
Date of publication, distribution, etc. 2007
300 ## - PHYSICAL DESCRIPTION
Extent p.471-84.
362 ## - DATES OF PUBLICATION AND/OR SEQUENTIAL DESIGNATION
Dates of publication and/or sequential designation Oct
650 ## - SUBJECT ADDED ENTRY--TOPICAL TERM
Topical term or geographic name entry element Immigrants
700 ## - ADDED ENTRY--PERSONAL NAME
Personal name Sangha, Dave
773 ## - HOST ITEM ENTRY
Main entry heading Indian Journal of Social Work
908 ## - PUT COMMAND PARAMETER (RLIN)
Put command parameter N
909 ## -
-- 85752
Holdings
Withdrawn status Lost status Damaged status Not for loan Permanent Location Current Location Date acquired Serial Enumeration / chronology Barcode Date last seen Price effective from Koha item type
        Indian Institute of Public Administration Indian Institute of Public Administration 2018-07-19 Volume no: 68, Issue no: 4 AR86212 2018-07-19 2018-07-19 Articles

Powered by Koha